000 00503nam a2200181 i 4500
001 bg
100 1 _aGAJDUK, V. I.
245 0 _aFiziceskie osnovy elektroniki sverchvysokich castot /
_cV. I. Gajduk, K. I. Palatov, D. M. Petrov.
260 _aMoskva :
_bIzdat. "Sovetskoe Radio",
_c1971.
300 _as. 599 :
_bilustr.
700 1 _aPALATOV, K. I.
700 1 _aPETROV, D. M.
040 _cBPK
041 _apol
080 _a621.38
942 _cKS
008 s pl f |000 0 pol
999 _c14883
_d14883
856 _uhttp://koha.tu.koszalin.pl/cgi-bin/koha/opac-detail.pl?biblionumber=14883
_yKatalog online BPK